Europages. 140 000 Unternehmen vertreten das europäische Angebot

Saved in:
Bibliographic Details
Format: Book
Language:German
Published: Wien : Herold, 1990
Tags: Add Tag
No Tags, Be the first to tag this record!

MARC

LEADER 00000nam a22000003a 4500
001 stu31191
005 20150408181057.4
008 930923s1990----au------------------ger-d
040 |a STU  |b slo 
041 0 |a ger 
044 |a au 
080 |a 058 
245 |a Europages. 140 000 Unternehmen vertreten das europäische Angebot 
260 |a Wien :  |b Herold,  |c 1990 
300 |a 1535 s 
996 |b J87144  |c J*87144  |l JJST  |s P  |a 0  |w stu31191_0001